Mozilge new TOEIC : Actual tests part 1,2

Сохранить в:
Библиографические подробности
Главный автор: Lee, Sang Jin
Другие авторы: Jeon, Hee Jung, Kim, Tea Won
Формат:
Язык:English
Опубликовано: T.P. Hồ Chí Minh Tổng hợp T.P. Hồ Chí Minh; Công ty TNHH Nhân Trí Việt 2012
Предметы:
Метки: Добавить метку
Нет меток, Требуется 1-ая метка записи!
Thư viện lưu trữ: Trung tâm Học liệu Lê Vũ Hùng, Trường Đại học Đồng Tháp
LEADER 01185pmm a22003858a 4500
001 00033457
005 20171026081023.0
008 150914s2012 ||||||engsd
041 0 # |a eng 
082 1 4 |a 428  |b M400Z 
100 1 # |a Lee, Sang Jin 
245 1 0 |h nguồn liệu điện tử]  |a Mozilge new TOEIC : Actual tests part 1,2  |c Lee Sang Jin, Kim Tae Won, Jeon Hee Jung 
260 # # |a T.P. Hồ Chí Minh  |b Tổng hợp T.P. Hồ Chí Minh; Công ty TNHH Nhân Trí Việt  |c 2012 
300 # # |a 1 CD  |c 43/4 in.  |e sách 
500 # # |a Copyright by Book21 Publishing Group, 2009,2012 
653 # # |a Bài kiểm tra 
653 # # |a Kỹ năng đọc 
653 # # |a Đĩa CD 
653 # # |a Tiếng Anh 
653 # # |a TOEIC 
653 # # |a Ngôn ngữ 
700 1 # |a Jeon, Hee Jung 
700 1 # |a Kim, Tea Won 
852 # # |j DPT.0003474  |j DPT.0003475  |j DPT.0004327 
852 # # |b Kho đa phương tiện  |j DPT.0003474, DPT.0003475 
910 0 # |a kchi  |d 14/9 
980 # # |a Trung tâm Học liệu Lê Vũ Hùng, Trường Đại học Đồng Tháp